[Event "UKR-ch 1/2 final"]
[Site "Omelnyk UKR"]
[Date "2017.10.05"]
[Round "3.5"]
[White "Naboka, Sergey"]
[Black "Golubka, Petro"]
[Result "1-0"]
[WhiteElo "2351"]
[BlackElo "2469"]
[WhiteFideId "-1"]
[BlackFideId "-1"]
[PlyCount "103"]
[GameId "2130307626886518"]
[EventDate "2017.10.03"]
[EventType "swiss"]
[EventRounds "9"]
[EventCountry "UKR"]
[SourceTitle "10 Days #522"]
[Source "Chess Mix"]
[SourceDate "2017.10.20"]
[SourceVersion "1"]
[SourceVersionDate "2017.10.20"]
[SourceQuality "1"]

1. e4 c5 2. Nf3 Nc6 3. Bb5 e6 4. Bxc6 bxc6 5. d3 Ne7 6. Qe2 Ng6 7. h4 h5 8. e5 f6 9. Qe4 Kf7 10. Na3 d5 11. exd6 Qxd6 12. Nb5 Qd7 13. Nc3 Bd6 14. b3 e5 15. Be3 Nf4 16. Bxf4 exf4 17. O-O-O Re8 18. Qc4+ Qe6 19. Ne4 Be7 20. Qa4 Qd5 21. Rhe1 Bf5 22. Nc3 Qd6 23. Ne2 g5 24. Nd2 Bf8 25. Ne4 Bxe4 26. dxe4 Qe5 27. Rd7+ Kg6 28. hxg5 Rad8 29. Qxc6 c4 30. Nd4 cxb3 31. axb3 Rxd7 32. Qxd7 fxg5 33. Qc6+ Kf7 34. Nf3 Qa1+ 35. Kd2 Bb4+ 36. Ke2 Bxe1 37. Nxg5+ Kf8 38. Qh6+ Qg7 39. Nh7+ Kf7 40. Qxf4+ Ke6 41. Qf5+ Ke7 42. Qc5+ Kf7 43. Qd5+ Kg6 44. Qf5+ Kh6 45. Nf6 Rxe4+ 46. Nxe4 Bb4 47. Qe6+ Qg6 48. Qxg6+ Kxg6 49. Kd3 Kf5 50. Kd4 h4 51. Kd5 Be1 52. c4 1-0

[Event "UKR-ch 1/2 final"]
[Site "Omelnyk UKR"]
[Date "2017.10.06"]
[Round "4.7"]
[White "Golubka, Petro"]
[Black "Molchanov, Alexey"]
[Result "1-0"]
[WhiteElo "2469"]
[BlackElo "2303"]
[WhiteFideId "-1"]
[BlackFideId "-1"]
[PlyCount "123"]
[GameId "2130307626890624"]
[EventDate "2017.10.03"]
[EventType "swiss"]
[EventRounds "9"]
[EventCountry "UKR"]
[SourceTitle "10 Days #522"]
[Source "Chess Mix"]
[SourceDate "2017.10.20"]
[SourceVersion "1"]
[SourceVersionDate "2017.10.20"]
[SourceQuality "1"]

1. d4 Nf6 2. c4 e6 3. Nf3 b6 4. a3 Bb7 5. Nc3 Be7 6. d5 O-O 7. e4 d6 8. Be2 e5 9. O-O a5 10. Rb1 Nbd7 11. Be3 h6 12. g3 Nc5 13. Nd2 Bc8 14. b4 Nb7 15. Kg2 Bd7 16. f4 axb4 17. axb4 Ra3 18. Qc1 Qa8 19. f5 Rb8 20. Qb2 Nd8 21. Rfc1 Rb7 22. h3 Kf8 23. g4 Nh7 24. Ra1 Rxa1 25. Rxa1 Ra7 26. Rb1 Nb7 27. Bf2 Qd8 28. Nf3 Ng5 29. Ne1 Nh7 30. Nd3 f6 31. h4 Qa8 32. Be3 Ra3 33. Kf2 Be8 34. Rg1 Bd7 35. Rc1 Be8 36. Bd1 Ra7 37. Ke1 Kg8 38. Kd2 Nf8 39. Bb3 Kh8 40. Kc2 Nh7 41. Kb1 Qb8 42. Qg2 Nd8 43. Kb2 Ra8 44. Nb5 Nf7 45. Qf1 Bd8 46. Ra1 Rxa1 47. Qxa1 Bxb5 48. cxb5 Be7 49. Qa6 Kg8 50. Ne1 Kf8 51. Nf3 Ke8 52. Nd2 Kf8 53. Nc4 Bd8 54. Ba4 Kg8 55. Na5 c5 56. dxc6 d5 57. Bb3 d4 58. Bd2 Kf8 59. Nb7 Nd6 60. Nxd8 Qxd8 61. Qa7 Ke8 62. c7 1-0

[Event "UKR-ch 1/2 final"]
[Site "Omelnyk UKR"]
[Date "2017.10.07"]
[Round "5.5"]
[White "Yelisieiev, Yevhenii"]
[Black "Golubka, Petro"]
[Result "0-1"]
[WhiteElo "2401"]
[BlackElo "2469"]
[WhiteFideId "-1"]
[BlackFideId "-1"]
[PlyCount "168"]
[GameId "2130307626890630"]
[EventDate "2017.10.03"]
[EventType "swiss"]
[EventRounds "9"]
[EventCountry "UKR"]
[SourceTitle "10 Days #522"]
[Source "Chess Mix"]
[SourceDate "2017.10.20"]
[SourceVersion "1"]
[SourceVersionDate "2017.10.20"]
[SourceQuality "1"]

1. Nf3 Nf6 2. d4 e6 3. c4 d5 4. Nc3 Bb4 5. cxd5 exd5 6. Bg5 h6 7. Bxf6 Qxf6 8. Qb3 Qb6 9. e3 c6 10. Bd3 Nd7 11. O-O O-O 12. Na4 Qa5 13. Rac1 Rb8 14. Bb1 Re8 15. Qc2 g6 16. Nh4 Re4 17. g3 Nf6 18. Nc5 Bxc5 19. Qxc5 Qxc5 20. Rxc5 Bh3 21. Rfc1 Re7 22. b4 a6 23. Nf3 Nd7 24. R5c3 Bg4 25. Nd2 Nb6 26. Bd3 Kg7 27. Nb3 Bd7 28. Nc5 Be8 29. a4 Nc8 30. h4 h5 31. Be2 Nd6 32. R3c2 f6 33. Kh2 Ra8 34. Rg1 a5 35. bxa5 Rxa5 36. Rb1 Ra7 37. Rcb2 g5 38. Rb6 Kh6 39. Ra1 gxh4 40. gxh4 f5 41. Nd3 Nc4 42. Rbb1 Nd2 43. Rg1 Nb3 44. Ra3 Nxd4 45. Bxh5 Nc2 46. Ra2 Nxe3 47. Bf3 Nc4 48. Rg5 b5 49. Nc5 Nd6 50. a5 Nb7 51. Nxb7 Rexb7 52. Rxf5 Re7 53. Ra1 Bg6 54. Rf6 Rf7 55. Rxf7 Rxf7 56. Kg3 b4 57. Ra4 c5 58. Bxd5 Rd7 59. a6 Rxd5 60. a7 Be4 61. Ra6+ Kg7 62. Kf4 Rd4 63. Ke3 Ba8 64. Ra5 Re4+ 65. Kd2 c4 66. Rb5 Rd4+ 67. Ke3 Rd3+ 68. Kf4 c3 69. Rxb4 c2 70. Rc4 Rd4+ 71. Rxd4 c1=Q+ 72. Kg4 Qg1+ 73. Kf5 Qg6+ 74. Kf4 Qf6+ 75. Ke3 Qe7+ 76. Kd2 Qxa7 77. Rf4 Qa2+ 78. Kd3 Qb1+ 79. Kd4 Qb6+ 80. Kd3 Bd5 81. Rg4+ Kf6 82. Rd4 Be6 83. Rf4+ Bf5+ 84. Kd2 Qd6+ 0-1

[Event "UKR-ch 1/2 final"]
[Site "Omelnyk UKR"]
[Date "2017.10.08"]
[Round "6.1"]
[White "Golubka, Petro"]
[Black "Bernadskiy, Vitaliy"]
[Result "1/2-1/2"]
[WhiteElo "2469"]
[BlackElo "2570"]
[WhiteFideId "-1"]
[BlackFideId "-1"]
[PlyCount "59"]
[GameId "2130307626890634"]
[EventDate "2017.10.03"]
[EventType "swiss"]
[EventRounds "9"]
[EventCountry "UKR"]
[SourceTitle "10 Days #522"]
[Source "Chess Mix"]
[SourceDate "2017.10.20"]
[SourceVersion "1"]
[SourceVersionDate "2017.10.20"]
[SourceQuality "1"]

1. d4 Nf6 2. c4 g6 3. Nc3 d5 4. cxd5 Nxd5 5. e4 Nxc3 6. bxc3 Bg7 7. Bc4 c5 8. Ne2 O-O 9. O-O Nc6 10. Be3 Qc7 11. Bb3 Rd8 12. Qc2 b6 13. dxc5 bxc5 14. Bxc5 Ne5 15. Bd4 Ng4 16. g3 e5 17. Be3 Nxe3 18. fxe3 Qc5 19. Bxf7+ Kh8 20. Bd5 Bh3 21. Bxa8 Qxe3+ 22. Kh1 Rd2 23. Qxd2 Qxd2 24. Rad1 Qxe2 25. Rd8+ Bf8 26. Rdxf8+ Kg7 27. R8f2 Qe3 28. Bd5 Bxf1 29. Rxf1 Qxc3 30. Kg2 1/2-1/2

[Event "UKR-ch 1/2 final"]
[Site "Omelnyk UKR"]
[Date "2017.10.09"]
[Round "7.3"]
[White "Mirzoev, Emil"]
[Black "Golubka, Petro"]
[Result "1/2-1/2"]
[WhiteElo "2403"]
[BlackElo "2469"]
[WhiteFideId "-1"]
[BlackFideId "-1"]
[PlyCount "158"]
[GameId "2130307626890644"]
[EventDate "2017.10.03"]
[EventType "swiss"]
[EventRounds "9"]
[EventCountry "UKR"]
[SourceTitle "10 Days #522"]
[Source "Chess Mix"]
[SourceDate "2017.10.20"]
[SourceVersion "1"]
[SourceVersionDate "2017.10.20"]
[SourceQuality "1"]

1. d4 d5 2. c4 e6 3. Nc3 c5 4. cxd5 exd5 5. Nf3 Nc6 6. dxc5 d4 7. Na4 Bxc5 8. Nxc5 Qa5+ 9. Qd2 Qxc5 10. a3 Nge7 11. b4 Qd5 12. Bb2 Nf5 13. e3 O-O 14. exd4 Nd6 15. Be2 Nc4 16. Qc2 b5 17. O-O Bf5 18. Qc1 a5 19. Bc3 Be4 20. Qf4 Rfe8 21. Rfe1 axb4 22. axb4 Rxa1 23. Rxa1 h6 24. Bf1 Nd6 25. Ra6 Re6 26. Ne5 Nxe5 27. dxe5 Nc4 28. Rxe6 fxe6 29. f3 Bd3 30. Qd4 Bxf1 31. Qxd5 exd5 32. Kxf1 Ne3+ 33. Kg1 h5 34. Bd4 Nc2 35. Bc5 Kf7 36. Kf2 Ke6 37. f4 d4 38. Ke2 Kd5 39. g3 g6 40. h3 Ne3 41. e6 Kxe6 42. Bxd4 Nd5 43. Bc5 h4 44. gxh4 Nxf4+ 45. Ke3 Ng2+ 46. Kd4 Nxh4 47. Ba7 Nf3+ 48. Kc5 Ng5 49. Kxb5 Nxh3 50. Be3 g5 51. Kc6 Nf4 52. b5 Nd5 53. Bxg5 Nb4+ 54. Kc5 Nd3+ 55. Kb6 Kd7 56. Ka7 Kc8 57. Bf6 Nb4 58. b6 Nc6+ 59. Ka8 Na5 60. Bc3 Nb7 61. Bb4 Nd8 62. Be7 Nc6 63. Bh4 Na5 64. Be1 Nc6 65. Bc3 Nd8 66. Ka7 Nc6+ 67. Ka8 Nd8 68. Be5 Nc6 69. Bd6 Nd8 70. Ka7 Nb7 71. Bb4 Nd8 72. Ka6 Nb7 73. Be7 Kb8 74. Kb5 Kc8 75. Bb4 Kd7 76. Ba3 Kc8 77. Bf8 Kd7 78. Bb4 Kc8 79. Ka6 Kb8 1/2-1/2

[Event "UKR-ch 1/2 final"]
[Site "Omelnyk UKR"]
[Date "2017.10.10"]
[Round "8.3"]
[White "Golubka, Petro"]
[Black "Bogdanovich, Stanislav"]
[Result "1-0"]
[WhiteElo "2469"]
[BlackElo "2593"]
[WhiteFideId "-1"]
[BlackFideId "-1"]
[PlyCount "81"]
[GameId "2130307626890652"]
[EventDate "2017.10.03"]
[EventType "swiss"]
[EventRounds "9"]
[EventCountry "UKR"]
[SourceTitle "10 Days #522"]
[Source "Chess Mix"]
[SourceDate "2017.10.20"]
[SourceVersion "1"]
[SourceVersionDate "2017.10.20"]
[SourceQuality "1"]

1. d4 Nf6 2. c4 e6 3. Nf3 Bb4+ 4. Bd2 a5 5. g3 b6 6. Bg2 Bb7 7. O-O O-O 8. Bg5 Be7 9. Bxf6 Bxf6 10. Nc3 c5 11. d5 Bxc3 12. bxc3 exd5 13. Nh4 Qf6 14. Rb1 Na6 15. cxd5 c4 16. Qd4 Qxd4 17. cxd4 Nb4 18. a3 Nxd5 19. Nf5 Kh8 20. Rfc1 Rab8 21. Nd6 Bc6 22. Nxc4 Ne7 23. Nxb6 d5 24. Rb2 Rfd8 25. e3 Rb7 26. Na4 Rxb2 27. Nxb2 Rb8 28. Nd3 f6 29. Nc5 Rb2 30. h4 Ra2 31. a4 Kg8 32. Bf3 Kf7 33. Bd1 Rb2 34. Kf1 g6 35. Ke1 Ke8 36. Ra1 Nc8 37. Nb3 Bd7 38. Nxa5 Nd6 39. Bf3 Bf5 40. Bxd5 Bd3 41. Ra2 1-0

[Event "POL-Tch 2nd League"]
[Site "Szklarska Poreba POL"]
[Date "2017.09.03"]
[Round "2.11"]
[White "Stysiak, Szymon"]
[Black "Golubka, Petro"]
[Result "0-1"]
[WhiteElo "2191"]
[BlackElo "2446"]
[WhiteFideId "-1"]
[BlackFideId "-1"]
[PlyCount "84"]
[GameId "2130307628402463"]
[EventDate "2017.09.02"]
[EventType "team"]
[EventRounds "9"]
[EventCountry "POL"]
[SourceTitle "10 Days #519"]
[Source "Chess Mix"]
[SourceDate "2017.09.20"]
[SourceVersion "1"]
[SourceVersionDate "2017.09.20"]
[SourceQuality "1"]
[WhiteTeam "KS Roszada Zory"]
[BlackTeam "MKS Sandecja Nowy Sacz"]

1. Nf3 d5 2. d4 a6 3. Bf4 Nf6 4. e3 Bg4 5. Nbd2 e6 6. Bd3 c5 7. c3 Nc6 8. h3 Bh5 9. Qe2 Bd6 10. dxc5 Bxc5 11. g4 Bg6 12. Bxg6 hxg6 13. Ne5 Nd7 14. Ndf3 Ndxe5 15. Nxe5 g5 16. Bg3 Bd6 17. Nxc6 bxc6 18. Bxd6 Qxd6 19. O-O-O Ke7 20. Rdf1 a5 21. f4 gxf4 22. Rxf4 Qe5 23. Qf3 f6 24. Ra4 Rhb8 25. h4 Rb5 26. Qf4 Qxf4 27. exf4 e5 28. fxe5 fxe5 29. b4 c5 30. Rxa5 Rbxa5 31. bxa5 Rxa5 32. Kb2 e4 33. Rf1 e3 34. Kb3 Kd6 35. h5 Ra7 36. Re1 d4 37. Kc4 Ke5 38. Kxc5 Rc7+ 39. Kb4 dxc3 40. Rxe3+ Kd4 41. Re1 Rb7+ 42. Ka4 c2 0-1

[Event "POL-Tch 2nd League"]
[Site "Szklarska Poreba POL"]
[Date "2017.09.04"]
[Round "3.6"]
[White "Golubka, Petro"]
[Black "Ustianovich, Nazar"]
[Result "1-0"]
[WhiteElo "2446"]
[BlackElo "2382"]
[WhiteFideId "-1"]
[BlackFideId "-1"]
[PlyCount "123"]
[GameId "2130307628406628"]
[EventDate "2017.09.02"]
[EventType "team"]
[EventRounds "9"]
[EventCountry "POL"]
[SourceTitle "10 Days #519"]
[Source "Chess Mix"]
[SourceDate "2017.09.20"]
[SourceVersion "1"]
[SourceVersionDate "2017.09.20"]
[SourceQuality "1"]
[WhiteTeam "MKS Sandecja Nowy Sacz"]
[BlackTeam "OLIMPIJCZYK Chrzanow"]

1. e4 d6 2. d4 Nf6 3. f3 c6 4. c4 e5 5. d5 Be7 6. Be3 a6 7. Nc3 O-O 8. Bd3 cxd5 9. cxd5 Nfd7 10. Qd2 b5 11. Nge2 Nb6 12. b4 N8d7 13. O-O Bb7 14. a4 Nc4 15. Bxc4 bxc4 16. Qa2 Bg5 17. Bf2 Rc8 18. a5 g6 19. Na4 f5 20. Nec3 Bf4 21. Qe2 Rf7 22. Rab1 Qf8 23. b5 Qh6 24. g3 Bd2 25. bxa6 Bxa6 26. f4 Bxc3 27. Nxc3 exf4 28. exf5 gxf5 29. Qe6 Qf6 30. Qxf6 Nxf6 31. Bd4 Ne4 32. Rxf4 Nxc3 33. Bxc3 Bb7 34. g4 Bxd5 35. gxf5 h5 36. a6 Kh7 37. Kf2 Rg8 38. Ke3 Rgf8 39. f6 Re8+ 40. Kd4 Bg2 41. Kxc4 Rc8+ 42. Kd3 Rfc7 43. Bd4 Bd5 44. a7 Rb7 45. Rxb7+ Bxb7 46. f7 Rf8 47. h4 Ba8 48. Kc3 Kg6 49. Rf6+ Kg7 50. Kd2 d5 51. Rf5+ Kg6 52. Rg5+ Kxf7 53. Rxh5 Kg6 54. Rg5+ Kh7 55. Kc3 Rc8+ 56. Kd3 Rg8 57. Rxg8 Kxg8 58. h5 Kh7 59. Be3 Kg7 60. h6+ Kg6 61. Kd4 Kh7 62. Bd2 1-0

[Event "POL-Tch 2nd League"]
[Site "Szklarska Poreba POL"]
[Date "2017.09.06"]
[Round "5.8"]
[White "Golubka, Petro"]
[Black "Snihur, Piotr"]
[Result "1/2-1/2"]
[WhiteElo "2446"]
[BlackElo "2181"]
[WhiteFideId "-1"]
[BlackFideId "-1"]
[PlyCount "144"]
[GameId "2130307628419128"]
[EventDate "2017.09.02"]
[EventType "team"]
[EventRounds "9"]
[EventCountry "POL"]
[SourceTitle "10 Days #519"]
[Source "Chess Mix"]
[SourceDate "2017.09.20"]
[SourceVersion "1"]
[SourceVersionDate "2017.09.20"]
[SourceQuality "1"]
[WhiteTeam "MKS Sandecja Nowy Sacz"]
[BlackTeam "UKS Smecz Konin"]

1. d4 Nf6 2. c4 e6 3. Nf3 d5 4. Nc3 Bb4 5. Bg5 c5 6. cxd5 exd5 7. e3 h6 8. Bh4 g5 9. Bg3 Ne4 10. Rc1 Qa5 11. dxc5 Nxc3 12. bxc3 Bxc3+ 13. Nd2 Bf5 14. Be2 Nd7 15. Rxc3 Qxc3 16. O-O O-O 17. Nb3 Nf6 18. Nd4 Bd7 19. Qb1 Qxc5 20. Qxb7 Qb6 21. Rb1 Qxb7 22. Rxb7 Rfe8 23. h4 a5 24. a3 Rac8 25. Bc7 a4 26. h5 Ne4 27. Bf3 Nc5 28. Ra7 Ne6 29. Bb6 Nxd4 30. Bxd4 Bc6 31. Bg4 Ra8 32. Rc7 Bb5 33. Bf5 Ra6 34. g4 Rb8 35. Kg2 Rc6 36. Ra7 Ra6 37. Re7 Rc6 38. Be5 Rd8 39. f4 gxf4 40. Bxf4 Kf8 41. Ra7 d4 42. exd4 Rxd4 43. Be3 Rd1 44. Ra8+ Kg7 45. g5 hxg5 46. Bxg5 Rd5 47. h6+ Rxh6 48. Bxh6+ Kxh6 49. Be4 Rd4 50. Bb7 Rd3 51. Ra5 Bd7 52. Ra7 Kg5 53. Be4 Rd2+ 54. Kf3 f5 55. Ke3 Rd1 56. Bf3 f4+ 57. Kf2 Rd2+ 58. Ke1 Rd4 59. Kf2 Kf6 60. Ke1 Ke5 61. Ra5+ Kd6 62. Be2 Rd5 63. Rxd5+ Kxd5 64. Kf2 Ke4 65. Bf3+ Kd4 66. Bd1 Bc6 67. Bc2 Ke5 68. Bd1 Kd4 69. Bc2 Be8 70. Bd1 Bc6 71. Bc2 Kc3 72. Bxa4 Bxa4 1/2-1/2

[Event "POL-Tch 2nd League"]
[Site "Szklarska Poreba POL"]
[Date "2017.09.07"]
[Round "6.6"]
[White "Krzywda, Andrzej"]
[Black "Golubka, Petro"]
[Result "0-1"]
[WhiteElo "2186"]
[BlackElo "2446"]
[WhiteFideId "-1"]
[BlackFideId "-1"]
[PlyCount "100"]
[GameId "2130307628423312"]
[EventDate "2017.09.02"]
[EventType "team"]
[EventRounds "9"]
[EventCountry "POL"]
[SourceTitle "10 Days #519"]
[Source "Chess Mix"]
[SourceDate "2017.09.20"]
[SourceVersion "1"]
[SourceVersionDate "2017.09.20"]
[SourceQuality "1"]
[WhiteTeam "LZS Victoria Chroscice"]
[BlackTeam "MKS Sandecja Nowy Sacz"]

1. e4 c6 2. d4 d5 3. Nd2 dxe4 4. Nxe4 Nd7 5. Ng5 Ngf6 6. Bd3 e6 7. N1f3 Bd6 8. Qe2 h6 9. Ne4 Nxe4 10. Qxe4 c5 11. Bd2 Qc7 12. Qg4 Kf8 13. O-O-O c4 14. Be2 Nf6 15. Qh4 Nd5 16. Kb1 b5 17. Ne5 Bb7 18. f4 Ne7 19. Qf2 h5 20. Rhf1 Bd5 21. Bf3 g6 22. Qe1 Bxf3 23. Ba5 Qb7 24. Rxf3 Kg7 25. d5 Nxd5 26. Rg3 Rae8 27. Bc3 Bxe5 28. Qxe5+ f6 29. Qe1 Nxf4 30. Rf3 e5 31. Qf2 b4 32. Be1 Rd8 33. Rc1 a5 34. Bd2 Nd5 35. Rf1 Rd6 36. Bg5 Rf8 37. Ka1 Qd7 38. Qc5 e4 39. R3f2 e3 40. Rf3 e2 41. Re1 fxg5 42. Rxf8 Kxf8 43. Rxe2 Ne7 44. a3 b3 45. cxb3 Rd1+ 46. Ka2 cxb3+ 47. Kxb3 Qd3+ 48. Qc3 Qxe2 49. Qh8+ Kf7 50. Qh7+ Ke6 0-1

[Event "POL-Tch 2nd League"]
[Site "Szklarska Poreba POL"]
[Date "2017.09.08"]
[Round "7.4"]
[White "Golubka, Petro"]
[Black "Mroziak, Maciej"]
[Result "1-0"]
[WhiteElo "2446"]
[BlackElo "2406"]
[WhiteFideId "-1"]
[BlackFideId "-1"]
[PlyCount "89"]
[GameId "2130307628427497"]
[EventDate "2017.09.02"]
[EventType "team"]
[EventRounds "9"]
[EventCountry "POL"]
[SourceTitle "10 Days #519"]
[Source "Chess Mix"]
[SourceDate "2017.09.20"]
[SourceVersion "1"]
[SourceVersionDate "2017.09.20"]
[SourceQuality "1"]
[WhiteTeam "MKS Sandecja Nowy Sacz"]
[BlackTeam "KS AZS Politechniki Slaskiej Gliwice"]

1. d4 d5 2. Nf3 Nc6 3. c4 Bg4 4. cxd5 Bxf3 5. gxf3 Qxd5 6. e3 e5 7. Nc3 Bb4 8. Bd2 Bxc3 9. bxc3 Qd6 10. Qb3 O-O-O 11. O-O-O Nge7 12. Rg1 g6 13. h3 f5 14. Bd3 Rhf8 15. Kb1 Rf6 16. Ka1 Qd5 17. Qxd5 Nxd5 18. h4 Re8 19. h5 e4 20. Be2 exf3 21. Bxf3 Nb6 22. Bc1 Nc4 23. Be2 N6a5 24. Bd3 Nd6 25. Rg2 Nac4 26. hxg6 hxg6 27. Rdg1 Ree6 28. Kb1 b5 29. Kc2 Kb7 30. Re1 Re8 31. f3 Rfe6 32. Rge2 g5 33. e4 g4 34. e5 gxf3 35. Rf2 Rg8 36. Rxf3 Rg2+ 37. Re2 Rxe2+ 38. Bxe2 Ne4 39. Rxf5 Ng3 40. Bf3+ c6 41. Rf6 Re7 42. Bf4 Nf1 43. Bxc6+ Kc7 44. Kd3 a6 45. Bg2 1-0

[Event "POL-Tch 2nd League"]
[Site "Szklarska Poreba POL"]
[Date "2017.09.09"]
[Round "8.2"]
[White "Marczuk, Dominik"]
[Black "Golubka, Petro"]
[Result "1/2-1/2"]
[WhiteElo "2258"]
[BlackElo "2446"]
[WhiteFideId "-1"]
[BlackFideId "-1"]
[PlyCount "104"]
[GameId "2130307628435780"]
[EventDate "2017.09.02"]
[EventType "team"]
[EventRounds "9"]
[EventCountry "POL"]
[SourceTitle "10 Days #519"]
[Source "Chess Mix"]
[SourceDate "2017.09.20"]
[SourceVersion "1"]
[SourceVersionDate "2017.09.20"]
[SourceQuality "1"]
[WhiteTeam "KKSz Krakow"]
[BlackTeam "MKS Sandecja Nowy Sacz"]

1. e4 c5 2. Nf3 Nc6 3. Nc3 d6 4. d4 cxd4 5. Nxd4 Nf6 6. Bg5 e6 7. Qd3 Be7 8. O-O-O a6 9. f4 Bd7 10. Be2 h6 11. Bxf6 Bxf6 12. Nb3 Be7 13. Qg3 g6 14. Rhf1 h5 15. f5 h4 16. Qh3 Bg5+ 17. Kb1 Qe7 18. fxg6 fxg6 19. Qd3 O-O-O 20. Qxd6 Qxd6 21. Rxd6 Kc7 22. Rdd1 Ne5 23. Nc5 Bc8 24. Rxd8 Rxd8 25. Nd3 Nc4 26. Rf7+ Rd7 27. Rxd7+ Bxd7 28. g3 hxg3 29. hxg3 Nd2+ 30. Ka1 b5 31. e5 Be7 32. Bg4 Nf1 33. Ne2 Ne3 34. Bh3 Nxc2+ 35. Kb1 Ne3 36. Nef4 g5 37. Nxe6+ Kc8 38. Nxg5 Bxg5 39. Bxd7+ Kxd7 40. Nc5+ Kc6 41. Nxa6 Be7 42. b4 Nf5 43. Kb2 Nxg3 44. Kb3 Ne4 45. a4 Nd2+ 46. Ka3 Nc4+ 47. Kb3 Nxe5 48. axb5+ Kxb5 49. Nc7+ Kc6 50. Ne6 Nd3 51. Nc5 Nxb4 52. Kxb4 Bxc5+ 1/2-1/2

[Event "POL-Tch 2nd League"]
[Site "Szklarska Poreba POL"]
[Date "2017.09.10"]
[Round "9.1"]
[White "Golubka, Petro"]
[Black "Kislinsky, Alexey"]
[Result "1-0"]
[WhiteElo "2446"]
[BlackElo "2505"]
[WhiteFideId "-1"]
[BlackFideId "-1"]
[PlyCount "75"]
[GameId "2130307628439967"]
[EventDate "2017.09.02"]
[EventType "team"]
[EventRounds "9"]
[EventCountry "POL"]
[SourceTitle "10 Days #519"]
[Source "Chess Mix"]
[SourceDate "2017.09.20"]
[SourceVersion "1"]
[SourceVersionDate "2017.09.20"]
[SourceQuality "1"]
[WhiteTeam "MKS Sandecja Nowy Sacz"]
[BlackTeam "Stowarzyszenie AS Plock"]

1. c4 g6 2. Nf3 Bg7 3. e4 c5 4. d4 cxd4 5. Nxd4 Nc6 6. Be3 Nf6 7. Nc3 O-O 8. Be2 d6 9. O-O Bd7 10. Nc2 Be6 11. f3 Nd7 12. Qd2 a5 13. Rab1 Nc5 14. Rfd1 f5 15. exf5 Bxf5 16. Rbc1 Qe8 17. Nd4 Qf7 18. Nd5 Nb4 19. Nxf5 gxf5 20. b3 Nc6 21. g3 Ne6 22. Bf1 Ned4 23. Bg2 e5 24. f4 Qh5 25. Re1 Rae8 26. Qf2 Re6 27. Rcd1 Rh6 28. h3 Ne6 29. fxe5 f4 30. Nxf4 Nxf4 31. Bxf4 dxe5 32. Bf3 Qxh3 33. Bxh6 Qxh6 34. Qe3 Qg6 35. Be4 Qg4 36. Rf1 Nd4 37. Bd5+ Kh8 38. Rxf8+ 1-0

[Event "SS Manhem op"]
[Site "Goeteborg SWE"]
[Date "2017.08.18"]
[Round "1.3"]
[White "Golubka, Petro"]
[Black "Olsson, Willam"]
[Result "1-0"]
[WhiteElo "2445"]
[BlackElo "1784"]
[WhiteFideId "-1"]
[BlackFideId "-1"]
[PlyCount "59"]
[GameId "2129404769432441"]
[EventDate "2017.08.18"]
[EventType "swiss"]
[EventRounds "8"]
[EventCountry "SWE"]
[SourceTitle "10 Days #517"]
[Source "Chess Mix"]
[SourceDate "2017.09.01"]
[SourceVersion "1"]
[SourceVersionDate "2017.09.01"]
[SourceQuality "1"]
[WhiteClock "0:06:27"]
[BlackClock "0:01:21"]

1. d4 d5 2. Nf3 Nf6 3. c4 c6 4. Nc3 a6 5. e3 b5 6. cxd5 cxd5 7. Bd2 Bg4 8. Rc1 Nbd7 9. Be2 e6 10. h3 Bh5 11. g4 Bg6 12. Nh4 Ne4 13. Nxg6 Nxc3 14. bxc3 hxg6 15. a4 Rb8 16. axb5 axb5 17. Rb1 b4 18. cxb4 Be7 19. b5 Bh4 20. Bb4 Nf6 21. b6 Qxb6 22. O-O Nd7 23. Qa4 Bd8 24. Kg2 f5 25. Rfc1 Rb7 26. Rc6 Ra7 27. Rxb6 Rxa4 28. Rb7 Ba5 29. Bd6 Kd8 30. Bb5 1-0

[Event "SS Manhem op"]
[Site "Goeteborg SWE"]
[Date "2017.08.18"]
[Round "2.3"]
[White "Andersson, Lars"]
[Black "Golubka, Petro"]
[Result "0-1"]
[WhiteElo "2005"]
[BlackElo "2445"]
[WhiteFideId "-1"]
[BlackFideId "-1"]
[PlyCount "82"]
[GameId "2129404769432451"]
[EventDate "2017.08.18"]
[EventType "swiss"]
[EventRounds "8"]
[EventCountry "SWE"]
[SourceTitle "10 Days #517"]
[Source "Chess Mix"]
[SourceDate "2017.09.01"]
[SourceVersion "1"]
[SourceVersionDate "2017.09.01"]
[SourceQuality "1"]
[WhiteClock "0:00:08"]
[BlackClock "0:05:33"]

1. f4 d6 2. Nf3 Bg4 3. e4 c5 4. h3 Bxf3 5. Qxf3 Nc6 6. Bb5 Rc8 7. O-O a6 8. Bxc6+ Rxc6 9. d3 Nf6 10. g4 e6 11. f5 h6 12. h4 Be7 13. Nc3 Kd7 14. g5 hxg5 15. hxg5 Nh5 16. Qg4 Rc8 17. Rf2 Qe8 18. Rh2 g6 19. f6 Bd8 20. Be3 b6 21. Rd1 Kc7 22. d4 c4 23. Qf3 Kb8 24. Rc1 b5 25. b3 Qd7 26. bxc4 Rxc4 27. Ne2 e5 28. dxe5 dxe5 29. Ng3 Qc6 30. Nxh5 gxh5 31. Rxh5 Rxh5 32. Qxh5 Rxe4 33. Qf3 Qc4 34. Re1 Bb6 35. Kg2 Bxe3 36. Rxe3 Rg4+ 37. Kh3 Rxg5 38. Rc3 Qe6+ 39. Kh4 Rf5 40. Qg3 Qxf6+ 41. Kh3 Qh6+ 0-1

[Event "SS Manhem op"]
[Site "Goeteborg SWE"]
[Date "2017.08.18"]
[Round "3.3"]
[White "Golubka, Petro"]
[Black "Nilsson, Joakim"]
[Result "1-0"]
[WhiteElo "2445"]
[BlackElo "2126"]
[WhiteFideId "-1"]
[BlackFideId "-1"]
[PlyCount "57"]
[GameId "2129404769432461"]
[EventDate "2017.08.18"]
[EventType "swiss"]
[EventRounds "8"]
[EventCountry "SWE"]
[SourceTitle "10 Days #517"]
[Source "Chess Mix"]
[SourceDate "2017.09.01"]
[SourceVersion "1"]
[SourceVersionDate "2017.09.01"]
[SourceQuality "1"]
[WhiteClock "0:11:35"]
[BlackClock "0:00:45"]

1. d4 d5 2. Nf3 Nf6 3. c4 e6 4. Nc3 Be7 5. Bg5 h6 6. Bxf6 Bxf6 7. e3 O-O 8. Qd2 b6 9. O-O-O Bb7 10. cxd5 exd5 11. g4 c5 12. h4 b5 13. Bxb5 Qa5 14. g5 cxd4 15. exd4 hxg5 16. hxg5 Be7 17. Qc2 g6 18. Rh6 Kg7 19. Rdh1 Rg8 20. Rh7+ Kf8 21. Ne5 Bxg5+ 22. Kb1 Rg7 23. Rh8+ Ke7 24. Re1 Kd6 25. Ne4+ Ke7 26. Qc5+ Ke6 27. Nxg5+ Kf5 28. Bd3+ Kxg5 29. Qxa5 1-0

[Event "SS Manhem op"]
[Site "Goeteborg SWE"]
[Date "2017.08.18"]
[Round "4.2"]
[White "Antonsen, Mikkel"]
[Black "Golubka, Petro"]
[Result "0-1"]
[WhiteElo "2440"]
[BlackElo "2445"]
[WhiteFideId "-1"]
[BlackFideId "-1"]
[PlyCount "82"]
[GameId "2129404769432470"]
[EventDate "2017.08.18"]
[EventType "swiss"]
[EventRounds "8"]
[EventCountry "SWE"]
[SourceTitle "10 Days #517"]
[Source "Chess Mix"]
[SourceDate "2017.09.01"]
[SourceVersion "1"]
[SourceVersionDate "2017.09.01"]
[SourceQuality "1"]
[WhiteClock "0:00:40"]
[BlackClock "0:03:32"]

1. d4 d5 2. c4 c6 3. Nf3 Nf6 4. e3 e6 5. Bd3 c5 6. cxd5 exd5 7. dxc5 Bxc5 8. O-O Nc6 9. a3 a5 10. b3 O-O 11. Bb2 Bg4 12. Nbd2 Bb6 13. h3 Bh5 14. Qb1 Re8 15. b4 axb4 16. axb4 Rxa1 17. Bxa1 Bg6 18. b5 Na5 19. Bxg6 hxg6 20. Bd4 Ne4 21. Qa1 Nc4 22. Rd1 Nxf2 23. Kxf2 Nxe3 24. Rc1 Nf5 25. Nb3 Re4 26. Rd1 Nxd4 27. Nbxd4 g5 28. Kf1 g4 29. hxg4 Rxg4 30. Qc3 Qd7 31. Rc1 Kh7 32. Qd3+ g6 33. Ne5 Rf4+ 34. Ndf3 Qd6 35. Re1 Qc5 36. Ke2 Kg7 37. Rf1 Re4+ 38. Kd1 Re3 39. Qb1 Qc3 40. Re1 Rxe1+ 41. Nxe1 Qxe5 0-1